Statistics for Saturday Stumper #14

Click here to take the quiz!

General Stats

  • This quiz has been taken 1,794 times
  • The average score is 19 of 27

Answer Stats

HintAnswer% Correct
ifleRifle
98%
cidentAccident
97%
emyEnemy
94%
sultInsult
90%
ptureCapture
88%
ifleTrifle
87%
agonWagon
86%
ssageMessage
85%
ssageMassage
84%
agonDragon
82%
ptureRapture
80%
cidentIncident
79%
ssagePassage
77%
ptureRupture
77%
sultResult
72%
ifleStifle
72%
sultConsult
71%
owlProwl
71%
owlGrowl
66%
cidentOccident
63%
erbAdverb
62%
owlScowl
61%
erbSuperb
45%
agonFlagon
43%
erbReverb
32%
emyAlchemy
23%
emyAcademy
17%

Score Distribution

Percentile by Number Answered

Percent of People with Each Score

Your Score History

You have not taken this quiz